A Sió-csatorna kémiai és szaprobiológiai értékelése vízhasznosítás szempontjából

Elmentve itt :
Bibliográfiai részletek
Szerző: Orbán Veronika
További közreműködők: Sipos György (Témavezető)
Móczár László (Témavezető)
Dokumentumtípus: Disszertáció
Megjelent: 1974
Kulcsszavak:Hidrológia
Tárgyszavak:
Online Access:http://doktori.ek.szte.hu/8127
LEADER 00932nta a2200241 i 4500
001 dokt8127
005 20221107143015.0
008 221107s1974 hu om 0|| hun d
040 |a SZTE Doktori Repozitórium  |b hun 
041 |a hun 
100 1 |a Orbán Veronika 
245 1 2 |a A Sió-csatorna kémiai és szaprobiológiai értékelése vízhasznosítás szempontjából  |h [elektronikus dokumentum] /  |c  Orbán Veronika 
260 |c 1974 
502 |a Disszertacio 
650 4 |a földtudományok 
650 4 |a Természettudományok 
650 4 |a Föld- és kapcsolódó környezettudományok 
650 4 |a Hidrológia 
695 |a Hidrológia 
700 0 1 |a Sipos György  |e ths 
700 0 1 |a Móczár László  |e ths 
856 4 0 |u https://doktori.bibl.u-szeged.hu/id/eprint/8127/1/1974_orban_veronika.pdf  |z Dokumentum-elérés  
856 4 0 |u https://doktori.bibl.u-szeged.hu/id/eprint/8127/2/1974_orban_veronika_melleklet.zip  |z Dokumentum-elérés